| 000 | 01077cas a22002897ar4500 | ||
|---|---|---|---|
| 005 | 20220329142052.0 | ||
| 008 | 990521d1928 br ar pernn 0 uub0por d | ||
| 010 | _a77928 | ||
| 011 | _a78900 | ||
| 035 | _a89002 | ||
| 245 | 0 | 0 |
_aArchivos do Instituto Biológico de Defesa Agricola e Animal _c/par Secretaria da Agricultura, Industria e Commercio. Instituto Biologico |
| 260 | 0 |
_aSao Paulo, Brasil : _bSecretaria da Agricultura, Industria e Commercio. Instituto Biologico, _c1928- |
|
| 300 | _av. | ||
| 310 | _aAnual | ||
| 362 | 1 | _av.4, 1931 | |
| 500 | _aContiene resúmenes en inglés | ||
| 500 | _aSe dejó de recibir a partir del v.4, 1931 | ||
| 590 |
_aBATCH-UPD _b10 _c20130110 _lUCH01 _h0426 |
||
| 590 |
_aBATCH-UPD _b10 _c20130410 _lUCH01 _h0102 |
||
| 590 |
_aBATCH-UPD _b10 _c20130913 _lUCH01 _h2128 |
||
| 590 |
_aCONVERSION _b10 _c20130109 _lUCH01 _h1343 |
||
| 650 | 1 | 4 |
_aAgricultura _zBrasil _xPublicaciones periódicas. _91917 |
| 785 | _tArquivos do Instituto Biológico | ||
| 866 | _av.1-4 (1928-1931) | ||
| 901 | _aSE | ||
| 905 | _aMa. del Socorro Iturbe C. | ||
| 999 |
_c77928 _d77928 |
||